| 000 | 00390nam a2200157 a 4500 | ||
|---|---|---|---|
| 005 | 20140310183235.0 | ||
| 008 | 040712s19uu xx 00 eng d | ||
| 050 |
_aRB 127 _b.N277 1998 |
||
| 100 | _aNTTC | ||
| 245 |
_aAcute abdominal pain in children : _bMCH10 / _cNTTC. |
||
| 260 | _c1998. | ||
| 300 |
_a36 p. : _c22 cm. |
||
| 942 |
_cBK _2lcc _kLOC |
||
| 999 |
_c20551 _d20551 |
||